[Event "Eliteserien 2017 - 18"]
[Site "Stavanger og Oslo"]
[Date "2017.11.03"]
[Round "3"]
[White "Djurhuus, Rune"]
[Black "Hobber, Anders"]
[Result "1/2-1/2"]
[WhiteElo "2421"]
[BlackElo "2290"]
[PlyCount "81"]
[EventDate "2017.??.??"]

1. e4 e6 2. d4 d5 3. e5 c5 4. c3 Nc6 5. Nf3 Bd7 6. Bd3 Rc8 7. dxc5 Bxc5 8. O-O
Nge7 9. Bf4 Ng6 10. Bg3 O-O 11. Nbd2 f5 12. exf6 Qxf6 13. Nb3 Bb6 14. Bxg6 Qxg6
15. Nbd4 Nxd4 16. Nxd4 Qf6 17. Nf3 Be8 18. Bd6 Rf7 19. Qd2 Qd8 20. Bg3 Rxf3 21.
gxf3 Bg6 22. Rfe1 Qf6 23. Qf4 Bf5 24. Re2 Qg6 25. Rae1 h6 26. Qd6 Re8 27. Kg2
Kh7 28. Qd7 Qh5 29. h4 Rf8 30. Qxb7 Rf6 31. Qe7 Bd3 32. Re3 Qf5 33. Qb4 Bxe3
34. Rxe3 Be2 35. Qg4 Qc2 36. h5 Qd1 37. Be5 Qf1+ 38. Kh2 Qxf2+ 39. Qg2 Qxe3 40.
Bxf6 gxf6 41. Qg6+
1/2-1/2

[Event "Eliteserien 2017 - 18"]
[Site "Stavanger og Oslo"]
[Date "2017.11.03"]
[Round "3"]
[White "Tryggestad, Andreas G"]
[Black "Andersen, Alf Roger"]
[Result "1/2-1/2"]
[WhiteElo "2264"]
[BlackElo "2161"]
[PlyCount "88"]
[EventDate "2017.??.??"]

1. d4 e6 2. Nf3 f5 3. c4 Nf6 4. Nc3 d5 5. Bf4 c6 6. e3 Bd6 7. Ne5 O-O 8. Be2
Qe7 9. c5 Bxe5 10. Bxe5 Ne8 11. O-O Nd7 12. f4 g5 13. b4 Nxe5 14. fxe5 Bd7 15.
a4 Ng7 16. b5 Be8 17. a5 cxb5 18. Bxb5 Bg6 19. a6 bxa6 20. Rxa6 f4 21. exf4
Rxf4 22. Rxf4 gxf4 23. Be2 Be4 24. Bf3 Qb7 25. Rd6 Bxf3 26. Qxf3 Qb2 27. h3 Kh8
28. Rd7 Rg8 29. Ne2 Nf5 30. Nxf4 Qxd4+ 31. Qf2 Qa1+ 32. Kh2 Qxe5 33. c6 Rc8 34.
Qf3 Rxc6 35. Rd8+ Kg7 36. Qg4+ Kf6 37. h4 Nh6 38. Qg3 Nf7 39. Rd7 Rc4 40. Nxd5+
Qxd5 41. Rxd5 exd5 42. Qf2+ Ke6 43. Qxa7 Rxh4+ 44. Kg3 Rh5
1/2-1/2

[Event "Eliteserien 2017 - 18"]
[Site "Stavanger og Oslo"]
[Date "2017.11.03"]
[Round "3"]
[White "Lahlum, Hans O."]
[Black "Nordquelle, Daniel"]
[Result "1-0"]
[WhiteElo "2113"]
[BlackElo "2241"]
[PlyCount "87"]
[EventDate "2017.??.??"]

1. d4 d5 2. c4 e6 3. Nf3 Nf6 4. Nc3 Nbd7 5. Bg5 h6 6. Bh4 Bb4 7. cxd5 exd5 8.
e3 g5 9. Bg3 Ne4 10. Qc2 h5 11. h3 Nxg3 12. fxg3 c6 13. Bd3 Nf8 14. O-O-O g4
15. Nh4 Be6 16. Nf5 Qg5 17. h4 Qd8 18. Rhf1 Qc7 19. Ng7+ Kd8 20. Nxe6+ fxe6 21.
Ne2 Qd7 22. Rf2 Rc8 23. Rdf1 Rc7 24. Kb1 Bd6 25. Qa4 a6 26. Nf4 e5 27. dxe5
Bxe5 28. Nxh5 Ne6 29. Qxg4 Qd6 30. Nf4 Nc5 31. Bc2 Rg7 32. Qf3 Rhg8 33. Nh5 Re7
34. g4 Kc7 35. Nf4 d4 36. Rd1 Rf8 37. g3 Rd7 38. exd4 Bxd4 39. Rfd2 Qe5 40.
Nd5+ Rxd5 41. Qxf8 Ne6 42. Qf3 Rb5 43. Bb3 c5 44. Re2
1-0

[Event "Eliteserien 2017 - 18"]
[Site "Stavanger og Oslo"]
[Date "2017.11.03"]
[Round "3"]
[White "Predojevic, Borki"]
[Black "Devereaux, Maxim L"]
[Result "1-0"]
[WhiteElo "2625"]
[BlackElo "2374"]
[PlyCount "67"]
[EventDate "2017.??.??"]

1. Nf3 c5 2. c4 Nc6 3. Nc3 g6 4. e3 d6 5. d4 Bg7 6. d5 Ne5 7. Nxe5 dxe5 8. e4
Nf6 9. Be2 O-O 10. Be3 b6 11. a3 Nd7 12. g4 e6 13. g5 Bb7 14. h4 exd5 15. cxd5
f5 16. gxf6 Qxf6 17. h5 c4 18. Bxc4 Rac8 19. Ba2 Ba6 20. Qg4 Qf3 21. d6+ Bc4
22. Qxf3 Rxf3 23. Nd5 Bxa2 24. Ne7+ Kf7 25. hxg6+ hxg6 26. Nxc8 Bc4 27. Rc1 Bd3
28. Rc7 Ke6 29. Rh7 Rf7 30. Bh6 Bxh6 31. Rxf7 Kxf7 32. Rxd7+ Kf6 33. Rh7 Bg5
34. Re7
1-0

[Event "Eliteserien 2017 - 18"]
[Site "Stavanger og Oslo"]
[Date "2017.11.03"]
[Round "3"]
[White "Andersen, Lars Even"]
[Black "Tari, Aryan"]
[Result "0-1"]
[WhiteElo "2302"]
[BlackElo "2581"]
[PlyCount "92"]
[EventDate "2017.??.??"]

1. d4 Nf6 2. Nf3 d5 3. c4 e6 4. g3 dxc4 5. Bg2 Bb4+ 6. Bd2 c5 7. Bxb4 cxb4 8.
Qa4+ Nc6 9. Ne5 Nd5 10. Nxc6 bxc6 11. e4 Nb6 12. Qxb4 Qxd4 13. Nc3 Nd7 14. Na4
Rb8 15. Qa3 a5 16. Rd1 Qa7 17. Qd6 Qb7 18. e5 Qb4+ 19. Qxb4 Rxb4 20. Bxc6 Ke7
21. a3 Rxa4 22. Bxa4 Nxe5 23. O-O Ba6 24. f4 Nd3 25. Rd2 c3 26. bxc3 Nc5 27.
Rfd1 Nxa4 28. Rd7+ Kf6 29. Ra7 Bb5 30. c4 Bxc4 31. Rdd7 Rf8 32. Rd4 Rc8 33.
Rdd7 e5 34. fxe5+ Kf5 35. Rxa5 Be6 36. Rd2 Rc1+ 37. Kg2 Nc5 38. Ra7 Ne4 39. Rb2
Bc4 40. h3 Rc3 41. Kh2 Nxg3 42. Rc7 Nf1+ 43. Kg1 Ne3 44. e6 Kxe6 45. Re2 Kd6
46. Rxe3 Rc1+
0-1

[Event "Eliteserien 2017 - 18"]
[Site "Stavanger og Oslo"]
[Date "2017.11.03"]
[Round "3"]
[White "Lie, Kjetil A."]
[Black "Børresen, Georg S."]
[Result "1/2-1/2"]
[WhiteElo "2538"]
[BlackElo "2253"]
[PlyCount "42"]
[EventDate "2017.??.??"]

1. d4 Nf6 2. Bf4 g6 3. Nc3 d6 4. e4 Bg7 5. Qd2 c6 6. O-O-O b5 7. Bd3 O-O 8. h4
b4 9. Nce2 Qa5 10. Kb1 e5 11. Bg5 Ng4 12. Nh3 exd4 13. h5 Be6 14. Nc1 Re8 15.
Nb3 Bxb3 16. cxb3 Nd7 17. hxg6 hxg6 18. Qf4 Nge5 19. Qh4 Nxd3 20. Rxd3 Qe5 21.
Nf4 Qxe4
1/2-1/2

[Event "Eliteserien 2017 - 18"]
[Site "Stavanger og Oslo"]
[Date "2017.11.03"]
[Round "3"]
[White "Holm, Kristian Stuvik"]
[Black "Myrstad, Odd M.T."]
[Result "1-0"]
[WhiteElo "2429"]
[BlackElo "2060"]
[PlyCount "63"]
[EventDate "2017.??.??"]

1. Nf3 d5 2. c4 e6 3. g3 dxc4 4. Qa4+ Bd7 5. Qxc4 Bc6 6. Bg2 Nd7 7. O-O Ngf6 8.
Nc3 Be7 9. e4 Nc5 10. Ne5 O-O 11. Nxc6 bxc6 12. d4 Nb7 13. Qxc6 Rb8 14. Rd1 Na5
15. Qa6 c6 16. b3 Qc7 17. Bf4 Qb6 18. Qxb6 Rxb6 19. Bc7 Bb4 20. Bxb6 axb6 21.
Rac1 c5 22. d5 exd5 23. exd5 Rd8 24. Nb5 c4 25. bxc4 Bc5 26. Bf3 Nb7 27. d6
Nxd6 28. Nxd6 Rxd6 29. Rxd6 Bxd6 30. a4 Kf8 31. c5 bxc5 32. a5
1-0

[Event "Eliteserien 2017 - 18"]
[Site "Stavanger og Oslo"]
[Date "2017.11.03"]
[Round "3"]
[White "Andersen, Øystein R."]
[Black "Kaasen, Tor Fredrik"]
[Result "1/2-1/2"]
[WhiteElo "2067"]
[BlackElo "2342"]
[PlyCount "63"]
[EventDate "2017.??.??"]

1. c4 e6 2. g3 Nf6 3. Bg2 d5 4. Nf3 dxc4 5. O-O Be7 6. Na3 a6 7. Nxc4 b5 8.
Nce5 O-O 9. b3 Bb7 10. Bb2 c5 11. Rc1 Nbd7 12. d4 Nxe5 13. Nxe5 Bxg2 14. Kxg2
Qd5+ 15. f3 Rfd8 16. e4 Qb7 17. Qe2 Rac8 18. dxc5 Bxc5 19. Rfd1 Qb6 20. Qc2
Rxd1 21. Rxd1 Re8 22. Qc3 b4 23. Qd3 Bf8 24. Nc4 Qc5 25. Bxf6 gxf6 26. Qd4 Qg5
27. Qd7 Qb5 28. Qc7 Re7 29. Qc8 Re8 30. Qc7 Re7 31. Qc8 Re8 32. Qc7
1/2-1/2

[Event "Eliteserien 2017 - 18"]
[Site "Stavanger og Oslo"]
[Date "2017.11.03"]
[Round "4"]
[White "Lie, Kjetil A."]
[Black "Aulin-Jansson, Jøran"]
[Result "0-1"]
[WhiteElo "2538"]
[BlackElo "2270"]
[PlyCount "188"]
[EventDate "2017.??.??"]

1. g3 e5 2. d3 f5 3. Bg2 Nf6 4. Nf3 Nc6 5. O-O g6 6. c4 Bg7 7. Nc3 d6 8. Bg5 h6
9. Bxf6 Qxf6 10. Nd2 O-O 11. Rc1 g5 12. c5 dxc5 13. Nb5 Qe7 14. Bxc6 bxc6 15.
Na3 Rb8 16. Nac4 e4 17. Qa4 exd3 18. exd3 f4 19. Qxa7 Bh3 20. Rfe1 Qf7 21. Qxc5
Rb5 22. Qxc6 fxg3 23. fxg3 Rf5 24. Qe4 Rf2 25. Rcd1 Rg2+ 26. Qxg2 Bd4+ 27. Kh1
Bxg2+ 28. Kxg2 Qd5+ 29. Re4 Rf2+ 30. Kh1 Qf5 31. g4 Qd5 32. Rf1 Qf7 33. Rfe1
Qd7 34. Rf1 Rxf1+ 35. Nxf1 Qf7 36. Nfe3 Qf3+ 37. Kg1 Qd1+ 38. Kf2 Qxd3 39. Kf3
c5 40. Re6 Bg7 41. Rd6 Qb1 42. Rd8+ Kh7 43. a4 Qh1+ 44. Ke2 Qxh2+ 45. Kd3 h5
46. Rd7 Kg8 47. a5 Qb8 48. a6 Qc8 49. Rd6 h4 50. Nf5 Bf8 51. Rg6+ Kh7 52. Rb6
h3 53. Rb7+ Kh8 54. Ncd6 Bxd6 55. Nxd6 Qc6 56. a7 Qa6+ 57. Kc3 h2 58. Rb8+ Kh7
59. a8=Q Qxa8 60. Rxa8 h1=Q 61. Ra7+ Kg6 62. Nf7 Qc1+ 63. Kb3 Qd1+ 64. Ka2 Kf6
65. Nh6 Qd5+ 66. Ka1 Ke5 67. Re7+ Kd6 68. Re1 c4 69. Nf5+ Kc5 70. Rg1 c3 71.
bxc3 Qd2 72. Rg3 Kc4 73. Kb1 Kd5 74. Ne3+ Ke4 75. Nf5 Kf4 76. Ka1 Qc2 77. c4
Qxc4 78. Kb2 Qe2+ 79. Kb3 Qf2 80. Rc3 Kxg4 81. Ne3+ Kf4 82. Nd5+ Ke4 83. Nb4 g4
84. Rc4+ Kf5 85. Nd3 Qe3 86. Kc2 g3 87. Rc8 Qe2+ 88. Kc3 g2 89. Rf8+ Kg5 90.
Rg8+ Kh6 91. Rg6+ Kh7 92. Rg3 Qf1 93. Rh3+ Kg8 94. Rg3+ Kf8 
0-1

[Event "Eliteserien 2017 - 18"]
[Site "Stavanger og Oslo"]
[Date "2017.11.03"]
[Round "4"]
[White "Bosiocic, Marin"]
[Black "Tisdall, Jonathan"]
[Result "1-0"]
[WhiteElo "2624"]
[BlackElo "2408"]
[PlyCount "67"]
[EventDate "2017.??.??"]

1. e4 e5 2. Nf3 Nc6 3. Bb5 a6 4. Ba4 Nf6 5. O-O Be7 6. Re1 b5 7. Bb3 d6 8. c3
O-O 9. h3 Na5 10. Bc2 c5 11. d4 Qc7 12. Nbd2 cxd4 13. cxd4 Nc6 14. Nb3 a5 15.
Be3 a4 16. Nbd2 Bd7 17. Rc1 Qb7 18. Nf1 Rfe8 19. Ng3 Bd8 20. Qe2 Na5 21. dxe5
dxe5 22. Bd3 Nc4 23. Bxc4 bxc4 24. Bc5 Ba5 25. Red1 Bb5 26. Qe3 g6 27. Qh6 Ra6
28. Bd6 Bc7 29. Nf5 gxf5 30. Qg5+ Kh8 31. Qxf6+ Kg8 32. exf5 Qb8 33. Qg5+ Kh8
34. Nxe5 
1-0

[Event "Eliteserien 2017 - 18"]
[Site "Stavanger og Oslo"]
[Date "2017.11.03"]
[Round "4"]
[White "Ekeberg, Carl Fr."]
[Black "Romanov, Evgeny"]
[Result "1/2-1/2"]
[WhiteElo "2261"]
[BlackElo "2626"]
[PlyCount "199"]
[EventDate "2017.??.??"]

1. Nf3 Nf6 2. g3 d5 3. Bg2 c6 4. O-O Bg4 5. d3 Nbd7 6. h3 Bxf3 7. Bxf3 e5 8. e4
Bd6 9. exd5 Nxd5 10. Nd2 O-O 11. Nc4 Bc7 12. a4 f5 13. Bd2 a5 14. Qe1 Re8 15.
Ne3 Nxe3 16. Qxe3 f4 17. Qe4 Kh8 18. Rae1 Nf6 19. Qc4 fxg3 20. fxg3 e4 21. Bxe4
Bxg3 22. Re2 Be5 23. c3 Nh5 24. Rg2 Qb6+ 25. d4 Bxd4+ 26. Qxd4 Qxd4+ 27. cxd4
Rxe4 28. Rf7 b6 29. Rb7 Kg8 30. Rxb6 Rxd4 31. Rxc6 Rxa4 32. Rc7 g6 33. Bc3 Ra1+
34. Kh2 Rf1 35. Rd2 Rf7 36. Rxf7 Kxf7 37. Rd7+ Kg8 38. Be5 a4 39. Re7 h6 40.
Bd6 Rd8 41. Bb4 Nf4 42. Re4 g5 43. h4 Kf7 44. hxg5 hxg5 45. Bc3 Ra8 46. Kg3 a3
47. bxa3 Rxa3 48. Kg4 Rxc3 49. Kxg5 Ng6 50. Ra4 Rf3 51. Ra7+ Ne7 52. Ra6 Nd5
53. Kg4 Rf1 54. Kg5 Ne3 55. Ra7+ Ke6 56. Ra6+ Ke5 57. Ra5+ Nd5 58. Kg4 Ke4 59.
Ra4+ Kd3 60. Ra3+ Nc3 61. Kg5 Kd4 62. Kg4 Rf8 63. Kg5 Ne2 64. Kg4 Ke4 65. Ra4+
Nd4 66. Kg5 Ke3 67. Ra3+ Kf2 68. Kg4 Rf7 69. Kg5 Nf3+ 70. Kg4 Ne5+ 71. Kg5 Rf8
72. Ra2+ Kg3 73. Ra3+ Nf3+ 74. Kg6 Rf4 75. Kg7 Kg4 76. Ra1 Rf5 77. Rb1 Ne5 78.
Rg1+ Kh5 79. Rh1+ Kg5 80. Rg1+ Ng4 81. Kg8 Kh5 82. Kg7 Nf2 83. Rf1 Rf3 84. Re1
Nh3 85. Re6 Ng5 86. Rf6 Re3 87. Rh6+ Kg4 88. Kf6 Re6+ 89. Kg7 Re7+ 90. Kf6 Ra7
91. Rh1 Ra5 92. Rg1+ Kf4 93. Rf1+ Nf3 94. Ke6 Ke4 95. Kd6 Rd5+ 96. Ke7 Ng5 97.
Re1+ Kf5 98. Rf1+ Ke5 99. Re1+ Ne4 100. Rh1 
1/2-1/2

[Event "Eliteserien 2017 - 18"]
[Site "Stavanger og Oslo"]
[Date "2017.11.03"]
[Round "4"]
[White "Hammerstad, Åsmund"]
[Black "Christiansen, Johan-Sebastian"]
[Result "0-1"]
[WhiteElo "2199"]
[BlackElo "2468"]
[PlyCount "66"]
[EventDate "2017.??.??"]

1. d4 Nf6 2. Nf3 c5 3. d5 b5 4. Bg5 Qb6 5. Bxf6 Qxf6 6. c3 g6 7. e4 Qb6 8. Nbd2
Bg7 9. a4 b4 10. Nc4 Qb7 11. e5 O-O 12. d6 Nc6 13. Be2 Qb8 14. O-O exd6 15.
exd6 bxc3 16. bxc3 Bxc3 17. Rb1 Bb7 18. Qc1 Bg7 19. Qg5 Qc8 20. Rfc1 Nd8 21. h4
Ne6 22. Qd2 Be4 23. Rb5 Re8 24. Ne3 Bc6 25. Rbb1 Rb8 26. Qa5 Nf4 27. Bc4 Bxf3
28. gxf3 Rxb1 29. Rxb1 Qc6 30. Ng2 Nh3+ 31. Kf1 Qxf3 32. Qxc5 Nf4 33. Nxf4 Qh1#
0-1

[Event "Eliteserien 2017 - 18"]
[Site "Stavanger og Oslo"]
[Date "2017.11.03"]
[Round "4"]
[White "Berg, Emanuel"]
[Black "Bern, Ivar"]
[Result "1/2-1/2"]
[WhiteElo "2546"]
[BlackElo "2317"]
[PlyCount "49"]
[EventDate "2017.??.??"]

1. e4 g6 2. d4 Bg7 3. Nc3 c6 4. Be3 d5 5. Qd2 dxe4 6. Nxe4 Nd7 7. Nf3 Ngf6 8.
Nxf6+ Nxf6 9. Bd3 O-O 10. O-O a5 11. Rfe1 a4 12. c4 Re8 13. h3 Qa5 14. b4 axb3
15. Qxa5 Rxa5 16. axb3 Rxa1 17. Rxa1 Nd7 18. Ra8 e5 19. dxe5 Nxe5 20. Nxe5 Bxe5
21. f4 Bc3 22. Kf2 f5 23. Kf3 Kf7 24. Bb6 Be6 25. Rxe8 
1/2-1/2

[Event "Eliteserien 2017 - 18"]
[Site "Stavanger og Oslo"]
[Date "2017.11.03"]
[Round "4"]
[White "Haldorsen, Benjamin"]
[Black "Johannessen, Leif E"]
[Result "1/2-1/2"]
[WhiteElo "2409"]
[BlackElo "2469"]
[PlyCount "62"]
[EventDate "2017.??.??"]

1. e4 c6 2. d4 d5 3. e5 Bf5 4. Nf3 e6 5. Be2 Nd7 6. O-O Bg6 7. Nbd2 Nh6 8. Nb3
Nf5 9. Bd2 Be7 10. Rc1 O-O 11. c4 dxc4 12. Na5 Qb8 13. Nxc4 Bh5 14. Ba5 b5 15.
Ncd2 c5 16. dxc5 Nxc5 17. h3 Bg6 18. Nb3 Nxb3 19. Qxb3 a6 20. Rc6 Rc8 21. Rfc1
Rxc6 22. Rxc6 Qe8 23. Qc3 Bf8 24. a4 bxa4 25. Rxa6 Rc8 26. Qd2 a3 27. bxa3 Bxa3
28. Bc3 Bc5 29. Bb4 Qf8 30. Bxc5 Qxc5 31. Ra5 Qc1+ 
1/2-1/2

[Event "Eliteserien 2017 - 18"]
[Site "Stavanger og Oslo"]
[Date "2017.11.03"]
[Round "4"]
[White "Gausel, Einar J"]
[Black "Stokke, Kjetil"]
[Result "1/2-1/2"]
[WhiteElo "2479"]
[BlackElo "2335"]
[PlyCount "99"]
[EventDate "2017.??.??"]

1. d4 g6 2. e4 Bg7 3. c4 Nc6 4. Nf3 d6 5. d5 Ne5 6. Nxe5 Bxe5 7. Bd3 c5 8. Nd2
e6 9. O-O Ne7 10. a4 O-O 11. Ra3 Bg7 12. h3 e5 13. a5 f5 14. Bc2 Bh6 15. Nf3
Bxc1 16. Qxc1 Kg7 17. Qd2 h6 18. b4 Qc7 19. Rb1 Rb8 20. bxc5 Qxc5 21. Qb4 Qxb4
22. Rxb4 fxe4 23. Bxe4 Bf5 24. Nd2 Ng8 25. Bxf5 gxf5 26. Rab3 Rf7 27. f4 exf4
28. Nf3 Kf6 29. Nd4 Rc8 30. Ne6 Ne7 31. Nxf4 Ng6 32. Nxg6 Kxg6 33. Rxb7 Rxc4
34. a6 Rc5 35. R3b5 Rxb5 36. Rxb5 Rc7 37. Rb7 Rc5 38. Rxa7 Rxd5 39. Rd7 Kg5 40.
Kf2 h5 41. Ke3 h4 42. Rd8 Ra5 43. Rxd6 Ra2 44. Kf3 Ra3+ 45. Kf2 Ra2+ 46. Kg1
Ra1+ 47. Kh2 Ra2 48. Rb6 Ra1 49. Re6 Kh5 50. Rb6 
1/2-1/2

[Event "Eliteserien 2017 - 18"]
[Site "Stavanger og Oslo"]
[Date "2017.11.03"]
[Round "4"]
[White "Gullaksen, Eirik"]
[Black "Getz, Nicolai"]
[Result "1-0"]
[WhiteElo "2353"]
[BlackElo "2423"]
[PlyCount "87"]
[EventDate "2017.??.??"]

1. e4 c5 2. Nf3 d6 3. d4 cxd4 4. Nxd4 Nf6 5. Nc3 a6 6. Bc4 e6 7. O-O Be7 8. a3
O-O 9. Ba2 b5 10. Qf3 Bb7 11. Re1 Nc6 12. Nxc6 Bxc6 13. Qg3 Kh8 14. Bg5 Nh5 15.
Bxe7 Qxe7 16. Qe3 Rfd8 17. Rad1 Nf6 18. Rd4 a5 19. Red1 Rac8 20. Qd2 e5 21.
Rxd6 Rxd6 22. Qxd6 Qxd6 23. Rxd6 b4 24. axb4 axb4 25. Nd1 Nxe4 26. Rd3 Nc5 27.
Rd6 Ne4 28. Rd3 Nc5 29. Rd6 Kg8 30. Ne3 Kf8 31. f3 g6 32. Bd5 Be8 33. Rb6 f5
34. Rxb4 Rd8 35. c4 Nd3 36. Rb6 Rd7 37. Rb8 Rc7 38. b4 Ke7 39. Be4 Nf4 40. Nd5+
Nxd5 41. Bxd5 Bf7 42. Bxf7 Kxf7 43. c5 Ke6 44. Rd8 
1-0

[Event "Eliteserien 2017 - 18"]
[Site "Stavanger og Oslo"]
[Date "2017.11.03"]
[Round "4"]
[White "Notkevich, Benjamin Arvola"]
[Black "Elsness, Frode"]
[Result "0-1"]
[WhiteElo "2455"]
[BlackElo "2477"]
[PlyCount "80"]
[EventDate "2017.??.??"]

1. e4 c6 2. d4 d5 3. e5 Bf5 4. h4 h5 5. Bd3 Bxd3 6. Qxd3 Qa5+ 7. Bd2 Qa6 8. e6
Qxd3 9. exf7+ Kxf7 10. cxd3 e6 11. Nf3 Bd6 12. O-O Nd7 13. Re1 Re8 14. Ng5+ Kf6
15. Bc3 Nh6 16. Nd2 Nf7 17. Ndf3 Nxg5 18. Nxg5 Bf4 19. Nh3 Bh6 20. Re2 Kf7 21.
f4 b6 22. a4 c5 23. a5 b5 24. Rf1 c4 25. dxc4 bxc4 26. Bb4 Kg6 27. Rfe1 Kf5 28.
Bd6 a6 29. Re3 g6 30. Ng5 Bxg5 31. fxg5 e5 32. Rf1+ Kg4 33. g3 Kh3 34. dxe5 d4
35. Re4 c3 36. bxc3 dxc3 37. Ref4 Nxe5 38. R1f2 Ng4 39. Rf1 Re2 40. Rxg4 hxg4
0-1

[Event "Eliteserien 2017 - 18"]
[Site "Stavanger og Oslo"]
[Date "2017.11.03"]
[Round "4"]
[White "Urkedal, Frode Olav Olsen"]
[Black "Galchenko, Matvey"]
[Result "1/2-1/2"]
[WhiteElo "2571"]
[BlackElo "2340"]
[PlyCount "206"]
[EventDate "2017.??.??"]

1. d4 Nf6 2. Nf3 c5 3. d5 e6 4. Nc3 exd5 5. Nxd5 Nxd5 6. Qxd5 Nc6 7. e4 d6 8.
Ng5 Qe7 9. Bb5 Bd7 10. Bc4 Nd8 11. O-O h6 12. Nf3 Bc6 13. Qd1 Qd7 14. Qe2 Be7
15. Rd1 Qg4 16. Bd5 O-O 17. h3 Qg6 18. c3 Re8 19. Bf4 Ne6 20. Bg3 Bxd5 21. Rxd5
Nc7 22. Rd3 Bf8 23. Re3 Rad8 24. Rd1 Qe6 25. b4 b6 26. Qc2 Qc8 27. Qb3 Re6 28.
bxc5 dxc5 29. Rxd8 Qxd8 30. Ne5 Ne8 31. Rd3 Qc8 32. Qc4 a6 33. a4 Nf6 34. Re3
Qe8 35. Qxa6 Bd6 36. f4 g5 37. Nc4 Bxf4 38. Bxf4 gxf4 39. Rf3 Nxe4 40. Kh2 Rg6
41. Nxb6 Ng5 42. Rd3 Kg7 43. Qa8 Qxa8 44. Nxa8 Ra6 45. Nc7 Rxa4 46. Ne8+ Kg6
47. Rd6+ Ne6 48. Nc7 Kf6 49. Rc6 Rc4 50. Kg1 Ke5 51. Nb5 Ra4 52. Nc7 Rc4 53.
Nb5 Ra4 54. Nc7 Ra5 55. Kf2 h5 56. h4 Ra2+ 57. Kf1 Ra5 58. Kf2 Ng7 59. c4 Nf5
60. Nb5 Ra2+ 61. Ke1 Nxh4 62. Rxc5+ Kf6 63. Nc3 Nxg2+ 64. Kf1 Ne3+ 65. Kg1 Rg2+
66. Kh1 Rc2 67. Nd5+ Nxd5 68. Rxd5 Kg6 69. c5 f5 70. Rd8 Kg5 71. Rg8+ Kh4 72.
Kg1 f3 73. c6 Rxc6 74. Kf2 Rc3 75. Rg7 Kh3 76. Rg5 h4 77. Rg8 Kh2 78. Rg5 Kh3
79. Rg8 Rc2+ 80. Kxf3 Rc3+ 81. Kf2 Rg3 82. Ra8 Kg4 83. Rg8+ Kf4 84. Rh8 Rf3+
85. Kg2 h3+ 86. Kg1 Rb3 87. Kh2 Kg4 88. Rg8+ Kf4 89. Rh8 Rd3 90. Rh7 Ke4 91.
Re7+ Kf3 92. Kxh3 f4 93. Kh2 Kf2 94. Ra7 f3 95. Ra1 Rd2 96. Kh3 Re2 97. Kh2 Re8
98. Ra2+ Ke1 99. Ra1+ Ke2 100. Ra2+ Ke3 101. Kg1 Rb8 102. Ra3+ Kf4 103. Ra7
Rb1+ 
1/2-1/2

[Event "Eliteserien 2017 - 18"]
[Site "Stavanger og Oslo"]
[Date "2017.11.03"]
[Round "4"]
[White "Mikalsen, Erlend"]
[Black "Nilsen, Joachim B."]
[Result "1/2-1/2"]
[WhiteElo "2297"]
[BlackElo "2416"]
[PlyCount "42"]
[EventDate "2017.??.??"]

1. e4 g6 2. d4 Bg7 3. Nc3 c6 4. f4 d5 5. e5 Nh6 6. Nf3 O-O 7. Be3 Bg4 8. h3
Bxf3 9. Qxf3 f6 10. Qe2 fxe5 11. dxe5 Nf5 12. Bf2 e6 13. h4 Nd7 14. g4 Ne7 15.
Bg3 d4 16. Ne4 Qa5+ 17. Qd2 Qxd2+ 18. Kxd2 Nd5 19. Bc4 N7b6 20. Bxd5 Nxd5 21.
g5 h5 
1/2-1/2

[Event "Eliteserien 2017 - 18"]
[Site "Stavanger og Oslo"]
[Date "2017.11.03"]
[Round "4"]
[White "Nielsen, Andre"]
[Black "Risting, Eivind Olav"]
[Result "1/2-1/2"]
[WhiteElo "2108"]
[BlackElo "2308"]
[PlyCount "136"]
[EventDate "2017.??.??"]

1. e4 c6 2. d4 d5 3. Nc3 dxe4 4. Nxe4 Nf6 5. Nxf6+ exf6 6. Bc4 Qe7+ 7. Qe2 Be6
8. Bxe6 Qxe6 9. Nf3 Bd6 10. Be3 O-O 11. O-O Nd7 12. Rfe1 Nb6 13. Qd3 Rad8 14.
b3 Nd5 15. c4 Nxe3 16. Rxe3 Qd7 17. Rae1 g6 18. Qe4 Kg7 19. Qh4 Qf5 20. c5 Bf4
21. Re7 b6 22. Rxa7 bxc5 23. Ra5 Rfe8 24. Rf1 Rd5 25. Rxc5 Rxc5 26. dxc5 h5 27.
Qh3 Qxc5 28. g3 Bb8 29. Re1 Rxe1+ 30. Nxe1 Qa5 31. Qf1 Qxa2 32. Qc4 Ba7 33. Nd3
Qe2 34. Kg2 Qe6 35. Nf4 Qd6 36. Qd3 Bd4 37. Ne2 Qd5+ 38. Qf3 Qxf3+ 39. Kxf3 Bb6
40. Nf4 Kf8 41. Nd3 Ke7 42. g4 hxg4+ 43. Kxg4 Ke6 44. f4 Bc7 45. h3 Bd6 46. h4
Kd5 47. f5 Kd4 48. Nf2 Ke3 49. Nd1+ Kd2 50. Nf2 Kc2 51. Ne4 Be7 52. h5 gxh5+
53. Kxh5 Kxb3 54. Kh6 c5 55. Kg7 c4 56. Kxf7 Bd8 57. Ke8 Bb6 58. Ke7 Bd4 59.
Nd2+ Kc3 60. Nf3 Kd3 61. Nxd4 Kxd4 62. Kxf6 c3 63. Kg7 c2 64. f6 c1=Q 65. f7
Qg5+ 66. Kh7 Qf6 67. Kg8 Qg6+ 68. Kh8 Qxf7 
1/2-1/2

[Event "Eliteserien 2017 - 18"]
[Site "Stavanger og Oslo"]
[Date "2017.11.03"]
[Round "4"]
[White "Lie, Espen"]
[Black "Fossan, Erik"]
[Result "1/2-1/2"]
[WhiteElo "2459"]
[BlackElo "2342"]
[PlyCount "77"]
[EventDate "2017.??.??"]

1. Nf3 c5 2. g3 g6 3. Bg2 Bg7 4. O-O Nc6 5. d3 Nf6 6. Nc3 O-O 7. a3 d6 8. Rb1
Nd7 9. Bd2 b6 10. b4 Rb8 11. b5 Nd4 12. Nh4 Bb7 13. Bxb7 Rxb7 14. e3 Ne6 15. f4
Nf6 16. f5 Nc7 17. e4 Nd7 18. Qe2 Ne5 19. Nd5 Nxd5 20. exd5 Qa8 21. Nf3 a6 22.
Nxe5 Bxe5 23. Bh6 Bg7 24. Bxg7 Kxg7 25. Qf3 axb5 26. f6+ Kg8 27. Rxb5 exf6 28.
Qxf6 Rd7 29. Qf3 Qxa3 30. Rxb6 Qc3 31. Rf2 Qd4 32. Kg2 Kg7 33. Rb3 Re8 34. c3
Qe5 35. Rb6 Ree7 36. c4 h5 37. Rbb2 Qd4 38. Rbe2 Rxe2 39. Rxe2 
1/2-1/2

[Event "Eliteserien 2017 - 18"]
[Site "Stavanger og Oslo"]
[Date "2017.11.03"]
[Round "4"]
[White "Fossan, Petter"]
[Black "Hole, Øystein"]
[Result "1/2-1/2"]
[WhiteElo "2304"]
[BlackElo "2333"]
[PlyCount "60"]
[EventDate "2017.??.??"]

1. e4 c6 2. d4 d5 3. e5 Bf5 4. h4 h5 5. Bd3 Bxd3 6. Qxd3 e6 7. Bg5 Qb6 8. Nd2
c5 9. c4 Nc6 10. Ngf3 cxd4 11. O-O Nge7 12. Rfc1 Qa6 13. a3 Nf5 14. b4 dxc4 15.
Nxc4 Qb5 16. a4 Qd5 17. b5 Nb4 18. Qb3 Qd7 19. Rd1 Bc5 20. Rac1 O-O 21. Ne3
Nxe3 22. Bxe3 Nd5 23. Bxd4 Bxd4 24. Rxd4 Rfc8 25. Rdc4 Nb6 26. Rxc8+ Rxc8 27.
Rxc8+ Qxc8 28. a5 Nd5 29. Qd3 Qc1+ 30. Kh2 Qc5 
1/2-1/2

[Event "Eliteserien 2017 - 18"]
[Site "Stavanger og Oslo"]
[Date "2017.11.03"]
[Round "4"]
[White "Hobber, Anders"]
[Black "Tallaksen, Levi André"]
[Result "1/2-1/2"]
[WhiteElo "2290"]
[BlackElo "2276"]
[PlyCount "68"]
[EventDate "2017.??.??"]

1. d4 Nf6 2. Nf3 e6 3. e3 c5 4. Bd3 b6 5. O-O Bb7 6. c4 Be7 7. Nc3 cxd4 8. exd4
d5 9. cxd5 Nxd5 10. Ne5 O-O 11. Qg4 Nxc3 12. bxc3 Nd7 13. Qh3 g6 14. Bh6 Re8
15. Bb5 Nxe5 16. dxe5 Qc7 17. Bxe8 Rxe8 18. Qg3 Rc8 19. Bg5 Ba3 20. Rad1 Bb2
21. Bf6 Bd5 22. Qh3 h5 23. Rd3 Qc4 24. Rfd1 Kh7 25. Qe3 Qa4 26. h3 Rxc3 27.
Rxc3 Qxd1+ 28. Kh2 Qf1 29. f3 Bxc3 30. Qxc3 Qc4 31. Qa3 Qf4+ 32. Kg1 h4 33. Qf8
Qe3+ 34. Kh2 Qf4+ 
1/2-1/2

[Event "Eliteserien 2017 - 18"]
[Site "Stavanger og Oslo"]
[Date "2017.11.03"]
[Round "4"]
[White "Kakushadze, Ilia"]
[Black "Lahlum, Hans O."]
[Result "1-0"]
[WhiteElo "2133"]
[BlackElo "2113"]
[PlyCount "120"]
[EventDate "2017.??.??"]

1. e4 e6 2. d4 d5 3. Nd2 c5 4. exd5 Qxd5 5. dxc5 Bxc5 6. Ngf3 Nf6 7. Bc4 Qc6 8.
Qe2 Nbd7 9. O-O a6 10. a4 b6 11. b3 Bb7 12. Bb2 O-O 13. Bd3 Qd5 14. Rfe1 Qh5
15. Ne4 Nxe4 16. Bxe4 Bxe4 17. Qxe4 Nf6 18. Bxf6 gxf6 19. Rad1 Rad8 20. b4 Bd6
21. c3 a5 22. Rd4 axb4 23. Red1 Bc7 24. cxb4 Rxd4 25. Rxd4 Be5 26. g4 Qh3 27.
Nxe5 fxe5 28. Rd3 Qh6 29. g5 Qg6 30. Qxg6+ hxg6 31. Rd6 Rb8 32. Kg2 Kf8 33. Kf3
Ke7 34. Rc6 Kd7 35. b5 Ra8 36. Rc4 Rh8 37. Rc6 Rh4 38. Rxb6 Rxa4 39. Rb7+ Ke8
40. b6 Rb4 41. Ke3 Kf8 42. Kd3 Kg7 43. Kc3 Rb1 44. Kc4 Rc1+ 45. Kb5 Rc2 46. Rc7
Rb2+ 47. Ka6 Ra2+ 48. Kb7 Rxf2 49. Kc8 Rxh2 50. b7 Rh8+ 51. Kd7 Rb8 52. Kc6 e4
53. Rd7 Re8 54. Kc7 e3 55. Rd3 Re7+ 56. Kc6 Re8 57. Rxe3 f5 58. Ra3 Rb8 59. Ra8
Rxb7 60. Kxb7 f4 
1-0

[Event "Eliteserien 2017 - 18"]
[Site "Stavanger og Oslo"]
[Date "2017.11.03"]
[Round "4"]
[White "Hansen, Torbjørn R."]
[Black "Flermoen, Peter"]
[Result "0-1"]
[WhiteElo "2408"]
[BlackElo "2252"]
[PlyCount "87"]
[EventDate "2017.??.??"]

1. e4 e5 2. Nf3 Nc6 3. Bb5 Nf6 4. d3 d6 5. c3 a6 6. Ba4 Be7 7. Nbd2 O-O 8. O-O
b5 9. Bb3 d5 10. a4 Bb7 11. exd5 Nxd5 12. Ne4 Qd7 13. Re1 Kh8 14. Ng3 f6 15.
Bd2 Rad8 16. axb5 axb5 17. Bc2 Ra8 18. Rxa8 Bxa8 19. Nh4 g6 20. Bh6 Rg8 21. d4
exd4 22. cxd4 Ndb4 23. Bb3 Rd8 24. Be6 Qe8 25. d5 Ne5 26. Nf3 Bxd5 27. Nxe5
Bxe6 28. Qe2 Nd5 29. Nf3 Bf7 30. Nd4 Rb8 31. Qg4 Qc8 32. Qxc8+ Rxc8 33. Nxb5
Kg8 34. h4 f5 35. h5 Bf6 36. Bc1 Rb8 37. Na7 Be8 38. Ne2 Kf7 39. Nf4 Nxf4 40.
Bxf4 Ra8 41. hxg6+ hxg6 42. Be3 Bxb2 43. Rb1 Be5 44. Nb5 
0-1